000 02889nam0a2200373 4500
001 RU\NLR\BIBL_A\012164914
005 20220804131512.0
010 _a978-5-8243-2369-6
_9300
021 _aRU
_bКН-П-19-085228
_9КН-П-19-6204
035 _a(NLR Aleph) 012164914
035 _a(RuMoRGB)010152570
090 _a12210881
_c12210881
100 _a20191216d2019 k y0rusy50 ca
101 0 _arus
102 _aRU
105 _ay|||z|||110zy
200 1 _aКазачество в Гражданской войне. Уроки истории. К 100-летию начала политики расказачивания
_eсборник избранных докладов цикла научных конференций [2013-2019, включающие в себя материалы III Международной научно-практической конференции "Революционные события в России и судьбы казачества", состоявшейся в Париже 22-23 мая 2018 гг.]
_fФедеральное архивное агентство, Российский государственный архив социально-политической истории [и др.
_gредакционная коллегия: ... А.К. Сорокин, отв. редактор и др.]
210 _aМосква
_cРОССПЭН
_d2019
215 _a110 с.
_d24
320 _aБиблиогр.: с. 103 (14 назв.) и в подстроч. примеч.
517 1 _aУроки истории
606 1 _aКазачество
_jСборники
_xУчастие в Гражданской войне в России
_z1918 - 1920
_92272480
_3RU\NLR\AUTH\661361979
686 1 _aТ3(2)712.9-476я43
686 1 _aЦ35(2)712-59я431(0)
702 1 _4340
_7ca
_8rus
_aСорокин
_bА. К.
_cканд. ист. наук, архивист
_f1959-
_gАндрей Константинович
_9105893
_3RU\NLR\AUTH\77122968
711 1 2 _a"Казачество в гражданской войне. Уроки истории. К 100-летию начала политики расказачивания", научная конференция
_eМосква
_f2019
_9688973
_3RU\NLR\AUTH\880514171
711 1 2 _a"Революционные события в России и судьбы казачества", международная научно-практическая конференция
_d3
_eПариж
_f2018
_9688975
_3RU\NLR\AUTH\880514172
712 0 2 _4557
_aРоссийский государственный архив социально-политической истории
_9530088
_3RU\NLR\AUTH\8810016122
942 _cBOOK
980 _aNBR
980 _aNB